Statistics for Освајачи УЕФА Лиге Европе

Click here to take the quiz!

General Stats

  • This quiz has been taken 663 times
    (212 since last reset)
  • The average score is 30 of 52

Answer Stats

ГодинаОсвајач% Correct
2023Севиља
90%
2016Севиља
90%
2006Севиља
90%
2014Севиља
90%
2015Севиља
90%
2007Севиља
90%
2020Севиља
90%
2017Манчестер јунајтед
87%
2019Челси
80%
2013Челси
80%
1985Реал Мадрид
76%
1986Реал Мадрид
76%
1973Ливерпул
75%
1998Интер
75%
1991Интер
75%
1994Интер
75%
2001Ливерпул
75%
1976Ливерпул
75%
1993Јувентус
74%
2010Атлетико Мадрид
74%
1977Јувентус
74%
2018Атлетико Мадрид
74%
1990Јувентус
74%
2012Атлетико Мадрид
74%
2022Ајнтрахт Франкфурт
65%
1980Ајнтрахт Франкфурт
65%
2003Порто
65%
2011Порто
65%
1996Бајерн Минхен
62%
1992Ајакс
61%
2021Виљареал
58%
1984Тотенхем хотспер
53%
1972Тотенхем хотспер
53%
1978ПСВ Ајндховен
49%
2002Фејнорд
48%
1974Фејнорд
48%
2008Зенит Санкт Петербург
42%
1989Наполи
40%
2004Валенсија
38%
2005ЦСКА Москва
38%
2009Шахтар Доњецк
27%
2000Галатасарај
26%
1988Бајер Леверкузен
24%
1995Парма
21%
1999Парма
21%
1997Шалке 04
21%
1979Борусија Менхенгладбах
19%
1975Борусија Менхенгладбах
19%
1983Андерлехт
17%
1982Гетеборг
14%
1987Гетеборг
14%
1981Ипсвич таун
13%

Score Distribution

Percentile by Number Answered

Percent of People with Each Score

Your Score History

You have not taken this quiz since the last reset